India 2017: a reference annual Ed 61 (Record no. 168342)

MARC details
000 -LEADER
fixed length control field 00615nam a2200229Ia 4500
003 - CONTROL NUMBER IDENTIFIER
control field OSt
005 - DATE AND TIME OF LATEST TRANSACTION
control field 20230530093203.0
008 - FIXED-LENGTH DATA ELEMENTS--GENERAL INFORMATION
fixed length control field 210423s2017 xx 000 0 und d
020 ## - INTERNATIONAL STANDARD BOOK NUMBER
International Standard Book Number 978-81-230-2328-1
040 ## - CATALOGING SOURCE
Transcribing agency AL
041 ## - LANGUAGE CODE
Language code of text/sound track or separate title eng
082 ## - DEWEY DECIMAL CLASSIFICATION NUMBER
Classification number 050.954 INDI
100 ## - MAIN ENTRY--PERSONAL NAME
Personal name INDIA (Government of)
9 (RLIN) 116242
245 ## - TITLE STATEMENT
Title India 2017: a reference annual Ed 61
250 ## - EDITION STATEMENT
Edition statement 61
260 ## - PUBLICATION, DISTRIBUTION, ETC.
Place of publication, distribution, etc. New Delhi
Name of publisher, distributor, etc. Ministry of information and broadcasting
Date of publication, distribution, etc. 2017
300 ## - PHYSICAL DESCRIPTION
Extent 992
Other physical details PB
365 ## - TRADE PRICE
Price amount 350
Currency code INR
650 ## - SUBJECT ADDED ENTRY--TOPICAL TERM
Topical term or geographic name entry element Serials
9 (RLIN) 116243
906 ## - LOCAL DATA ELEMENT F, LDF (RLIN)
a 2017: ; 61 ; annual ; Ed ; India ; reference
942 ## - ADDED ENTRY ELEMENTS (KOHA)
Source of classification or shelving scheme Dewey Decimal Classification
Koha item type Book
Holdings
Withdrawn status Lost status Damaged status Not for loan Collection code Home library Current library Date acquired Source of acquisition Cost, normal purchase price Total Checkouts Full call number Barcode Date last seen Price effective from Koha item type
        General St Aloysius PG Library St Aloysius PG Library 02/23/2017 Biblios Book Point 350.00   050.954 INDI PG014844 08/24/2022 04/26/2021 Reference